|
|
|
|
| LEADER |
00000nam a2200000 a 4500 |
| 001 |
vtls001236535 |
| 003 |
SK-MaSNL |
| 005 |
20260413122125.0 |
| 008 |
250414s1991 xo 0 slo |
| 020 |
|
|
|a 808516373X
|q (zv. 5)
|
| 035 |
|
|
|a SNK000183543
|
| 040 |
|
|
|a SNK
|b slo
|c SNK
|e AACR2
|
| 041 |
0 |
|
|a slo
|
| 044 |
|
|
|a xo
|c SK
|
| 080 |
|
|
|a 087.5:820 (73)(084)
|2 1981
|
| 080 |
|
|
|a 820 (73)(084)
|2 1981
|
| 080 |
|
|
|a 820 (73)
|2 1981
|
| 100 |
1 |
|
|a Lee, Stan,
|d 1922-2018
|4 aut
|9 42237
|
| 245 |
1 |
0 |
|a Záhadný Spider-Man 5
|h Grafika
|c Stan Lee ; Anna Pokorná
|
| 260 |
|
|
|a Bratislava
|b Semic-Slovart
|c 1991
|e Banská Bystrica
|f Tlačiarne BB
|
| 300 |
|
|
|a 36 s.
|c 24,3x17 cm
|
| 366 |
|
|
|e 19 Kčs
|
| 500 |
|
|
|a Komiks. ISBN 80-85163-93-4 (súbor).
|
| 500 |
|
|
|a Prel. Anna Pokorná.
|
| 655 |
|
7 |
|a beztextové leporelá
|2 SNK
|9 63057
|
| 700 |
1 |
|
|a Pokorná, Anna
|c (prekladateľka)
|4 oth
|9 7265
|
| 852 |
|
|
|a Slovenská národná knižnica
|
| 919 |
|
|
|a 80-85163-73-X (zv. 5)
|
| 954 |
|
|
|a komiksy
|a seriály kreslené detské
|a hračky knižné
|
| 958 |
|
|
|a BQ
|
| 958 |
|
|
|a DB
|
| 958 |
|
|
|a LX
|
| 958 |
|
|
|a TL
|
| 999 |
|
|
|c 797809
|d 799739
|
| 952 |
|
|
|a SNK
|b SNK
|y PREZ
|7 0
|p 17A0966609
|o snkSC 80364/5
|0 0
|1 0
|4 0
|d 2012-08-13
|l 0
|r 2025-08-12 00:00:00
|w 2026-02-24
|
| 952 |
|
|
|t P60, <05>, [BOOK], {605}
|a SNK
|b SNK
|y PREZ
|7 0
|p 17A0327801
|o snkSC 80364/5 D1
|i snkKSP 8391/91
|0 0
|1 0
|4 0
|d 2002-01-19
|l 0
|r 2005-01-01 00:00:00
|w 2026-02-24
|